<?xml version="1.0" encoding="UTF-8"?>
<record
    xmlns:xsi="http://www.w3.org/2001/XMLSchema-instance"
    xsi:schemaLocation="http://www.loc.gov/MARC21/slim http://www.loc.gov/standards/marcxml/schema/MARC21slim.xsd"
    xmlns="http://www.loc.gov/MARC21/slim">

  <leader>00382    a2200109   4500</leader>
  <controlfield tag="001">ART_7481</controlfield>
  <controlfield tag="005">20260410161554.0</controlfield>
  <controlfield tag="008">260409a                                 </controlfield>
  <datafield tag="245" ind1="1" ind2="0">
    <subfield code="a">El equipo de trabajo y el informe de una auditor&#xED;a externa integral del sector p&#xFA;blico</subfield>
  </datafield>
  <datafield tag="100" ind1="1" ind2=" ">
    <subfield code="a">Rodr&#xED;guez, Roberto Mario</subfield>
  </datafield>
  <datafield tag="773" ind1="0" ind2=" ">
    <subfield code="t">Profesional &amp; Empresaria</subfield>
    <subfield code="g">- A&#xD1;O IX, N&#xBA; 98 (nov. 2007)</subfield>
    <subfield code="w">REV70</subfield>
  </datafield>
  <datafield tag="999" ind1=" " ind2=" ">
    <subfield code="c">9091</subfield>
    <subfield code="d">9091</subfield>
  </datafield>
</record>
